000 02427 a2200241 4500
001 57358
005 20260407155835.0
008 260407a2021 arg spa d
003 AR-UNSa-BCEJYS
040 _aAR-UNSa-BCEJYS
_bspa
_cAR-UNSa-BCEJYS
080 _a330.82
_xTeorías económicas clásicas y posclásica. Liberalismo. Escuelas ética, romántica, histórica
245 1 0 _aLa acción humana
_ptratado de economía
020 _a978-84-7209-836-7
250 _a14a. ed.
264 1 _aMadrid :
_bUnion Editorial
_c2021
300 _alxxiv, 1068 p.
_c23 cm.
505 _a1. El hombre en acción – 2. Problemas epistemológicos de las ciencias de la acción humana – 3. La economía y la rebelión contra la razón – 4. Un primer análisis de la categoría de acción – 5. El tiempo – 6. La incertidumbre – 7. La acción en el mundo – 8. La sociedad humana – 9. El papel de las ideas – 10. El intercambio en la sociedad – 11. Evaluación sin calculo – 12. El ámbito del cálculo económico – 13. El cálculo monetario al servicio de la acción – 14. El ámbito y metodología de la cataláctica – 15. El mercado – 16. Los precios – 17. El cambio indirecto – 18. La acción y el transcurso del tiempo – 19. El interés – 20. El interés, la expresión crediticia y el ciclo económico – 21. Trabajo y salarios – 22. Los factores originarios de producción no humanos – 23. Los datos del mercado – 24. Armonía y conflicto de intereses – 25. La construcción imaginaria de una sociedad socialista – 26. La imposibilidad del cálculo económico bajo el socialismo – 27. El gobierno y el mercado – 28. El intervencionismo fiscal – 29. La restricción de la producción – 30. La intervención de los precios – 31. La manipulación del dinero y del crédito – 32. Confiscación y redistribución – 33. Sindicalismo y corporativismo – 34. La economía de guerra – 35. El principio del bienestar frente al principio del mercado – 36. La crisis del intervencionismo – 37. El carácter no descriptivo de la economía – 38. La economía en el sistema educativo – 39. La economía y los problemas esenciales de la existencia humana
041 _aspa
942 _cBK
590 _aniveau_biblio:m niveau_hierar:0
100 1 _aVon Mises, Ludwig
856 4 1 _uhttps://biblioeco.unsa.edu.ar/pmb/images/libros/L128749.jpg
_yImagen de portada
_qimage/jpeg
999 _c6192
_d6192